Trackmania Players with 10+ COTD wins - Statistics

General Stats
  • This quiz has been taken 29 times
  • The average score is 20 of 43
Answers on the Grid
Answers color-coded by a green-red scale on the quiz's grid according to % correct below.
AffiTM
Andybaguette
AR_Down
AR_Mudda
Az0xTM
BarbosTM
Binkss.
bozbez
BrenTM
CarlJr.
Cocow_
DexteR.771
eLconn21
ender---
Evo.Chroma
Flyer36
Granady.
Gwenn
Ikewolf
Ixxonn
jdon.
kandzika
keby..
Kvikk.
L1ngotm
Larstm
laurids.
levonn
Lewdis
linkTM_
LokoGz
Marius89..
MASSA_
MattOuuZ
Maxtrak
Micka_TM.
mime-
Mury99
Otaaaq
PacTM
PauLL_
pusztitopako
racehansTM
Razii.
riolu-tm
ROtrex..
Scrapie98
sh0rty.de
Shark_ericb
Snow.qlf
SpammieJ
Stufts.
SuperCarlouf
Teuflum
Thomas_Jean
Tigu.
twelfth_tm
Whizzy..
WirtualTM
YannexTM
 
Answer Stats
Answer % Correct
AR_Mudda
100%
SpammieJ
94%
BrenTM
89%
eLconn21
89%
Granady.
89%
AR_Down
83%
L1ngotm
83%
WirtualTM
83%
riolu-tm
72%
MASSA_
67%
mime-
67%
Scrapie98
67%
BarbosTM
61%
Binkss.
61%
Marius89..
61%
PacTM
61%
Gwenn
56%
Larstm
56%
linkTM_
56%
YannexTM
50%
DexteR.771
39%
levonn
33%
pusztitopako
33%
racehansTM
33%
twelfth_tm
33%
Lewdis
28%
Micka_TM.
28%
Shark_ericb
28%
SuperCarlouf
28%
Whizzy..
28%
Andybaguette
22%
Cocow_
22%
Evo.Chroma
22%
sh0rty.de
22%
Flyer36
17%
Ikewolf
17%
jdon.
17%
Razii.
17%
Thomas_Jean
17%
keby..
11%
Mury99
11%
LokoGz
6%
Maxtrak
6%
No matching quizzes found
Score Distribution
Percent of People with Each Score
Percentile by Number Answered
Your Score History
You have not taken this quiz